[Event "Russian Championship (Blitz, Women)"]
[Site "Sochi"]
[Date "2018.10.07"]
[Round "7.1"]
[White "Shuvalova, Polina"]
[Black "Ambartsumova, Karina"]
[Result "0-1"]
[BlackElo "2319"]
[WhiteElo "2246"]
[LiveChessVersion "1.4.8"]

1. e4 {[%clk 0:03:03]} c5 {[%clk 0:03:03]} 2. Nf3 a6 3. c3 {[%clk 0:03:03]} d5
{[%clk 0:03:03]} 4. exd5 {[%clk 0:03:03]} Qxd5 {[%clk 0:03:04]} 5. d4
{[%clk 0:03:05]} Nf6 {[%clk 0:02:55]} 6. Be2 {[%clk 0:03:02]} Bg4
{[%clk 0:02:24]} 7. O-O {[%clk 0:02:57]} e6 {[%clk 0:02:22]} 8. h3
{[%clk 0:02:58]} Bh5 {[%clk 0:02:23]} 9. Be3 {[%clk 0:02:43]} Nbd7
{[%clk 0:02:10]} 10. c4 {[%clk 0:02:16]} Qd6 {[%clk 0:02:11]} 11. Nc3
{[%clk 0:02:16]} Be7 {[%clk 0:02:03]} 12. d5 {[%clk 0:02:11]} O-O
{[%clk 0:01:44]} 13. a4 {[%clk 0:02:09]} Rfd8 {[%clk 0:01:15]} 14. Qb3
{[%clk 0:01:56]} exd5 {[%clk 0:00:55]} 15. cxd5 {[%clk 0:01:54]} Qc7
{[%clk 0:00:55]} 16. Rfd1 {[%clk 0:01:45]} Bd6 {[%clk 0:00:55]} 17. a5
{[%clk 0:01:44]} Bxf3 {[%clk 0:00:29]} 18. Bxf3 {[%clk 0:01:45]} Ne5
{[%clk 0:00:30]} 19. Be2 {[%clk 0:01:43]} Re8 {[%clk 0:00:27]} 20. Na4
{[%clk 0:01:40]} Nfd7 {[%clk 0:00:24]} 21. Rdc1 {[%clk 0:01:33]} Rac8
{[%clk 0:00:24]} 22. Bc4 {[%clk 0:01:15]} Ng6 {[%clk 0:00:23]} 23. Nc3
{[%clk 0:01:04]} Re7 {[%clk 0:00:23]} 24. Rd1 {[%clk 0:00:49]} Rce8
{[%clk 0:00:24]} 25. Rac1 {[%clk 0:00:42]} Bh2+ {[%clk 0:00:15]} 26. Kh1
{[%clk 0:00:43]} Bd6 {[%clk 0:00:16]} 27. Kg1 {[%clk 0:00:44]} Bh2+ 28. Kh1 Bd6
{[%clk 0:00:18]} 29. Ne2 {[%clk 0:00:46]} Nh4 {[%clk 0:00:16]} 30. Bd3
{[%clk 0:00:42]} Ng6 {[%clk 0:00:15]} 31. Bf5 {[%clk 0:00:41]} Nge5
{[%clk 0:00:11]} 32. Qa4 {[%clk 0:00:37]} g6 {[%clk 0:00:10]} 33. Bxd7
{[%clk 0:00:33]} Nxd7 {[%clk 0:00:10]} 34. Qh4 {[%clk 0:00:31]} Re4
{[%clk 0:00:09]} 35. Qh6 {[%clk 0:00:24]} Bf8 36. Qg5 h6 {[%clk 0:00:11]} 37. d6
{[%clk 0:00:22]} Qxa5 {[%clk 0:00:09]} 38. Qd5 {[%clk 0:00:21]} Qb6
{[%clk 0:00:09]} 39. Qd2 {[%clk 0:00:15]} R4e6 {[%clk 0:00:08]} 40. Nc3
{[%clk 0:00:12]} Rxd6 {[%clk 0:00:07]} 41. Nd5 {[%clk 0:00:13]} Qd8
{[%clk 0:00:07]} 42. Qc2 {[%clk 0:00:13]} b6 {[%clk 0:00:07]} 43. Qc4
{[%clk 0:00:13]} b5 {[%clk 0:00:07]} 44. Qc2 {[%clk 0:00:10]} c4 {[%clk 0:00:07]}
45. Nc3 {[%clk 0:00:08]} Rxd1+ {[%clk 0:00:07]} 46. Rxd1 {[%clk 0:00:09]} Qc7
{[%clk 0:00:07]} 47. Qd2 {[%clk 0:00:10]} Nc5 {[%clk 0:00:04]} 48. Bxh6
{[%clk 0:00:11]} Nd3 {[%clk 0:00:03]} 49. Nd5 {[%clk 0:00:09]} Qe5
{[%clk 0:00:04]} 50. Bxf8 {[%clk 0:00:06]} Rxf8 {[%clk 0:00:04]} 51. Nc3
{[%clk 0:00:07]} Re8 {[%clk 0:00:04]} 52. Rf1 {[%clk 0:00:06]} Qf5
{[%clk 0:00:05]} 53. Kg1 {[%clk 0:00:05]} Qe5 {[%clk 0:00:05]} 54. Qc2
{[%clk 0:00:06]} b4 {[%clk 0:00:06]} 55. Nd1 {[%clk 0:00:05]} Qd4
{[%clk 0:00:07]} 56. Qa4 {[%clk 0:00:05]} Re6 {[%clk 0:00:07]} 57. Qa5
{[%clk 0:00:05]} Kg7 {[%clk 0:00:07]} 58. Qc7 {[%clk 0:00:06]} b3
{[%clk 0:00:06]} 59. Ne3 {[%clk 0:00:05]} Nxb2 {[%clk 0:00:06]} 60. Rc1
{[%clk 0:00:04]} Rf6 {[%clk 0:00:05]} 61. Ng4 {[%clk 0:00:04]} Rf5
{[%clk 0:00:05]} 62. Ne3 {[%clk 0:00:05]} Rf6 {[%clk 0:00:06]} 63. Ng4
{[%clk 0:00:06]} Qf4 {[%clk 0:00:07]} 64. Rf1 {[%clk 0:00:06]} Qxc7
{[%clk 0:00:09]} 0-1

[Event "Russian Championship (Blitz, Women)"]
[Site "Sochi"]
[Date "2018.10.07"]
[Round "7.5"]
[White "Bodnaruk, Anastasia"]
[Black "Dordzhieva, Dinara"]
[Result "1-0"]
[BlackElo "2225"]
[WhiteElo "2358"]
[LiveChessVersion "1.4.8"]

1. e4 {[%clk 0:03:03]} c5 {[%clk 0:03:04]} 2. b3 {[%clk 0:03:04]} g6
{[%clk 0:02:55]} 3. Bb2 {[%clk 0:03:05]} Nf6 {[%clk 0:02:55]} 4. e5
{[%clk 0:03:02]} Nd5 {[%clk 0:02:56]} 5. h4 {[%clk 0:03:02]} Bg7 {[%clk 0:02:34]}
6. h5 {[%clk 0:03:01]} d6 {[%clk 0:02:29]} 7. Nf3 {[%clk 0:02:57]} Nc6
{[%clk 0:02:29]} 8. Bb5 {[%clk 0:02:57]} Bg4 {[%clk 0:02:29]} 9. Qe2
{[%clk 0:02:23]} a6 {[%clk 0:02:12]} 10. Bxc6+ bxc6 {[%clk 0:02:13]} 11. h6
{[%clk 0:02:08]} Bxe5 {[%clk 0:02:11]} 12. Bxe5 {[%clk 0:02:08]} Bxf3
{[%clk 0:02:05]} 13. gxf3 {[%clk 0:01:51]} dxe5 {[%clk 0:02:04]} 14. Qxe5
{[%clk 0:01:53]} f6 {[%clk 0:02:01]} 15. Qe4 {[%clk 0:01:51]} Qd6
{[%clk 0:02:00]} 16. Na3 {[%clk 0:01:35]} e5 {[%clk 0:01:42]} 17. Nc4
{[%clk 0:01:34]} Qe6 {[%clk 0:01:44]} 18. O-O-O Kf7 19. c3 {[%clk 0:01:18]} Rhe8
{[%clk 0:01:44]} 20. Rhe1 {[%clk 0:01:05]} Rad8 {[%clk 0:01:45]} 21. Kb2
{[%clk 0:00:54]} Nf4 {[%clk 0:01:05]} 22. d4 {[%clk 0:00:54]} cxd4
{[%clk 0:01:06]} 23. cxd4 {[%clk 0:00:55]} Qd5 {[%clk 0:00:49]} 24. dxe5
{[%clk 0:00:36]} Qxe4 {[%clk 0:00:50]} 25. fxe4 {[%clk 0:00:30]} Nd3+
{[%clk 0:00:34]} 26. Rxd3 {[%clk 0:00:31]} Rxd3 {[%clk 0:00:36]} 27. Nd6+
{[%clk 0:00:32]} Rxd6 {[%clk 0:00:37]} 28. exd6 Ke6 29. Rd1 {[%clk 0:00:20]} Rd8
{[%clk 0:00:40]} 30. f4 {[%clk 0:00:22]} Rxd6 {[%clk 0:00:39]} 31. Rc1
{[%clk 0:00:07]} g5 {[%clk 0:00:31]} 32. fxg5 {[%clk 0:00:07]} fxg5
{[%clk 0:00:33]} 33. Rc5 {[%clk 0:00:08]} Rd2+ {[%clk 0:00:22]} 34. Ka3
{[%clk 0:00:10]} g4 {[%clk 0:00:14]} 35. Rxc6+ {[%clk 0:00:06]} Ke5
{[%clk 0:00:15]} 36. Rc7 {[%clk 0:00:06]} g3 {[%clk 0:00:08]} 37. Rxh7
{[%clk 0:00:07]} Rh2 {[%clk 0:00:07]} 38. Rg7 {[%clk 0:00:08]} Kf4
{[%clk 0:00:07]} 39. h7 {[%clk 0:00:08]} Kxe4 {[%clk 0:00:06]} 40. Rxg3
{[%clk 0:00:09]} Rxh7 {[%clk 0:00:07]} 41. Rg6 {[%clk 0:00:10]} Ra7
{[%clk 0:00:07]} 42. Ka4 {[%clk 0:00:09]} a5 {[%clk 0:00:06]} 43. Rg5
{[%clk 0:00:09]} Rb7 {[%clk 0:00:04]} 44. Rxa5 {[%clk 0:00:10]} Kd5 1-0

[Event "Russian Championship (Blitz, Women)"]
[Site "Sochi"]
[Date "2018.10.07"]
[Round "7.8"]
[White "Kashlinskaya, Alina"]
[Black "Markelova, Lubov"]
[Result "1/2-1/2"]
[BlackElo "2033"]
[WhiteElo "2369"]
[LiveChessVersion "1.4.8"]

1. d4 {[%clk 0:03:03]} d5 {[%clk 0:03:04]} 2. c4 {[%clk 0:03:05]} c6
{[%clk 0:03:05]} 3. cxd5 {[%clk 0:03:06]} cxd5 {[%clk 0:03:07]} 4. Bg5
{[%clk 0:03:07]} Nc6 {[%clk 0:03:02]} 5. Nc3 {[%clk 0:03:08]} Nf6
{[%clk 0:02:57]} 6. Bxf6 {[%clk 0:03:08]} exf6 {[%clk 0:02:58]} 7. e3
{[%clk 0:03:06]} Bb4 {[%clk 0:02:54]} 8. Rc1 {[%clk 0:03:04]} O-O
{[%clk 0:02:53]} 9. Bd3 {[%clk 0:03:06]} Be6 {[%clk 0:02:45]} 10. Nge2
{[%clk 0:03:07]} g6 {[%clk 0:02:39]} 11. O-O {[%clk 0:03:07]} Bd6
{[%clk 0:02:30]} 12. a3 {[%clk 0:02:51]} Rc8 {[%clk 0:02:23]} 13. Bb1
{[%clk 0:02:51]} Na5 {[%clk 0:02:19]} 14. Ba2 {[%clk 0:02:28]} Nc4
{[%clk 0:02:17]} 15. Bxc4 {[%clk 0:02:14]} Rxc4 {[%clk 0:02:17]} 16. Nb5
{[%clk 0:02:07]} Rxc1 {[%clk 0:02:10]} 17. Qxc1 {[%clk 0:02:05]} Bb8
{[%clk 0:02:09]} 18. Nf4 {[%clk 0:02:02]} Bxf4 {[%clk 0:01:47]} 19. exf4
{[%clk 0:02:03]} a6 {[%clk 0:01:48]} 20. Nc3 {[%clk 0:02:04]} Qc7
{[%clk 0:01:42]} 21. Re1 {[%clk 0:02:05]} Qc4 {[%clk 0:01:38]} 22. Qe3
{[%clk 0:02:02]} b5 {[%clk 0:01:34]} 23. h4 {[%clk 0:01:58]} h5 {[%clk 0:01:32]}
24. Ne2 {[%clk 0:01:48]} Qc2 {[%clk 0:01:17]} 25. Ng3 {[%clk 0:01:44]} Kg7
{[%clk 0:00:59]} 26. Rc1 {[%clk 0:01:32]} Qxb2 {[%clk 0:00:40]} 27. f5
{[%clk 0:01:34]} Bxf5 {[%clk 0:00:29]} 28. Nxf5+ {[%clk 0:01:35]} gxf5
{[%clk 0:00:31]} 29. Rc6 {[%clk 0:01:06]} Qb1+ {[%clk 0:00:28]} 30. Kh2
{[%clk 0:01:07]} Qe4 {[%clk 0:00:26]} 31. Qg3+ {[%clk 0:01:04]} Qg4
{[%clk 0:00:26]} 32. Rxa6 {[%clk 0:01:05]} Qxg3+ 33. Kxg3 {[%clk 0:01:06]} Rc8
{[%clk 0:00:16]} 34. Rd6 {[%clk 0:00:54]} Rc3+ {[%clk 0:00:16]} 35. Kf4
{[%clk 0:00:55]} Rxa3 {[%clk 0:00:15]} 36. Rxd5 {[%clk 0:00:56]} Ra2
{[%clk 0:00:14]} 37. Kg3 {[%clk 0:00:38]} b4 {[%clk 0:00:12]} 38. Rb5
{[%clk 0:00:39]} Ra3+ {[%clk 0:00:10]} 39. Kf4 {[%clk 0:00:40]} Ra2
{[%clk 0:00:09]} 40. f3 {[%clk 0:00:42]} Rxg2 {[%clk 0:00:08]} 41. Rxb4
{[%clk 0:00:43]} Rh2 {[%clk 0:00:07]} 42. Kg3 {[%clk 0:00:44]} Rd2
{[%clk 0:00:07]} 43. Ra4 {[%clk 0:00:38]} Kg6 {[%clk 0:00:08]} 44. Kf4
{[%clk 0:00:30]} Rh2 {[%clk 0:00:08]} 45. Kg3 {[%clk 0:00:31]} Rd2
{[%clk 0:00:09]} 46. Kf4 {[%clk 0:00:33]} Rh2 {[%clk 0:00:10]} 47. Ke4 1/2-1/2

[Event "Russian Championship (Blitz, Women)"]
[Site "Sochi"]
[Date "2018.10.07"]
[Round "8.1"]
[White "Ambartsumova, Karina"]
[Black "Shuvalova, Polina"]
[Result "1-0"]
[BlackElo "2246"]
[WhiteElo "2319"]
[LiveChessVersion "1.4.8"]

1. c4 {[%clk 0:03:03]} e6 {[%clk 0:03:03]} 2. d4 {[%clk 0:03:01]} Nf6
{[%clk 0:03:03]} 3. Nc3 {[%clk 0:02:59]} d5 {[%clk 0:03:05]} 4. cxd5
{[%clk 0:02:58]} Nxd5 {[%clk 0:03:05]} 5. e4 {[%clk 0:02:47]} Nxc3
{[%clk 0:03:06]} 6. bxc3 {[%clk 0:02:48]} c5 {[%clk 0:03:07]} 7. Nf3
{[%clk 0:02:41]} cxd4 {[%clk 0:03:07]} 8. cxd4 {[%clk 0:02:41]} Bb4+
{[%clk 0:03:08]} 9. Bd2 {[%clk 0:02:42]} Bxd2+ {[%clk 0:03:09]} 10. Qxd2
{[%clk 0:02:43]} O-O {[%clk 0:03:10]} 11. Be2 {[%clk 0:02:12]} b6
{[%clk 0:03:10]} 12. O-O {[%clk 0:02:11]} Bb7 {[%clk 0:03:12]} 13. Qe3
{[%clk 0:02:07]} Nd7 {[%clk 0:03:10]} 14. e5 {[%clk 0:01:50]} Rc8
{[%clk 0:02:58]} 15. Bd3 {[%clk 0:01:50]} Nb8 {[%clk 0:02:38]} 16. Rfd1
{[%clk 0:01:44]} Bxf3 {[%clk 0:02:30]} 17. Qxf3 {[%clk 0:01:45]} Nc6
{[%clk 0:02:30]} 18. Qe4 {[%clk 0:01:21]} g6 {[%clk 0:02:30]} 19. Ba6
{[%clk 0:01:10]} Rc7 {[%clk 0:02:28]} 20. d5 {[%clk 0:00:44]} exd5
{[%clk 0:02:29]} 21. Rxd5 {[%clk 0:00:45]} Qe7 {[%clk 0:02:30]} 22. Bb5
{[%clk 0:00:34]} Nb4 {[%clk 0:02:20]} 23. Rd6 {[%clk 0:00:35]} Rc5
{[%clk 0:01:45]} 24. Qxb4 {[%clk 0:00:33]} Qxe5 {[%clk 0:01:45]} 25. Rad1
{[%clk 0:00:16]} Rxb5 {[%clk 0:01:46]} 26. Qa3 {[%clk 0:00:11]} a5
{[%clk 0:01:40]} 27. g3 {[%clk 0:00:11]} Re8 {[%clk 0:01:33]} 28. Rd8
{[%clk 0:00:08]} Rc5 {[%clk 0:01:33]} 29. Qb3 {[%clk 0:00:08]} Rxd8
{[%clk 0:01:18]} 30. Rxd8+ Kg7 31. Kg2 {[%clk 0:00:04]} Qe4+ {[%clk 0:01:21]} 32.
Qf3 {[%clk 0:00:04]} Qe6 {[%clk 0:01:15]} 33. a3 {[%clk 0:00:05]} Rc2
{[%clk 0:01:11]} 34. Qa8 {[%clk 0:00:05]} Qf6 {[%clk 0:01:04]} 35. Rg8+
{[%clk 0:00:05]} Kh6 {[%clk 0:01:05]} 36. Qf3 {[%clk 0:00:04]} Qxf3+
{[%clk 0:01:02]} 37. Kxf3 Rc3+ 38. Kf4 {[%clk 0:00:05]} Rxa3 {[%clk 0:01:02]} 39.
g4 {[%clk 0:00:05]} Ra4+ {[%clk 0:01:00]} 40. Kg3 {[%clk 0:00:06]} g5
{[%clk 0:00:57]} 41. h4 {[%clk 0:00:05]} gxh4+ {[%clk 0:00:53]} 42. Kxh4
{[%clk 0:00:06]} f5 {[%clk 0:00:39]} 43. f3 {[%clk 0:00:05]} fxg4
{[%clk 0:00:38]} 44. fxg4 {[%clk 0:00:06]} Rb4 {[%clk 0:00:39]} 45. Rf8
{[%clk 0:00:03]} Kg7 {[%clk 0:00:39]} 46. Rb8 {[%clk 0:00:04]} a4
{[%clk 0:00:39]} 47. Rb7+ {[%clk 0:00:05]} Kg6 {[%clk 0:00:40]} 48. Ra7
{[%clk 0:00:06]} b5 {[%clk 0:00:39]} 49. Ra6+ {[%clk 0:00:07]} Kg7
{[%clk 0:00:38]} 50. Kh5 {[%clk 0:00:08]} Rb3 {[%clk 0:00:35]} 51. Ra7+
{[%clk 0:00:09]} Kf6 {[%clk 0:00:34]} 52. g5+ {[%clk 0:00:09]} Kf5
{[%clk 0:00:34]} 53. Rf7+ {[%clk 0:00:10]} Ke6 {[%clk 0:00:34]} 54. Rxh7
{[%clk 0:00:10]} a3 {[%clk 0:00:17]} 55. g6 {[%clk 0:00:11]} a2 {[%clk 0:00:16]}
56. Ra7 {[%clk 0:00:12]} Rb2 {[%clk 0:00:07]} 57. g7 {[%clk 0:00:13]} Rg2
{[%clk 0:00:07]} 58. Kh6 {[%clk 0:00:14]} b4 {[%clk 0:00:05]} 59. Rxa2
{[%clk 0:00:15]} Rxa2 {[%clk 0:00:03]} 60. g8=Q+ {[%clk 0:00:15]} 1-0

[Event "Russian Championship (Blitz, Women)"]
[Site "Sochi"]
[Date "2018.10.07"]
[Round "8.5"]
[White "Dordzhieva, Dinara"]
[Black "Bodnaruk, Anastasia"]
[Result "1-0"]
[BlackElo "2358"]
[WhiteElo "2225"]
[LiveChessVersion "1.4.8"]

1. Nf3 {[%clk 0:01:42]} Nf6 2. c4 g6 3. g3 Bg7 {[%clk 0:03:05]} 4. Bg2
{[%clk 0:01:47]} O-O 5. d4 d6 {[%clk 0:03:07]} 6. Nc3 {[%clk 0:01:49]} Nc6
{[%clk 0:03:09]} 7. O-O {[%clk 0:01:49]} a6 {[%clk 0:03:10]} 8. d5
{[%clk 0:01:42]} Na5 {[%clk 0:03:10]} 9. Nd2 {[%clk 0:01:43]} c5 {[%clk 0:03:10]}
10. Qc2 {[%clk 0:01:44]} Rb8 {[%clk 0:03:08]} 11. a4 {[%clk 0:01:45]} Bf5
{[%clk 0:03:00]} 12. e4 {[%clk 0:01:46]} Bd7 {[%clk 0:03:01]} 13. b3
{[%clk 0:01:47]} e5 {[%clk 0:02:58]} 14. Bb2 {[%clk 0:01:32]} Ne8
{[%clk 0:02:50]} 15. f4 {[%clk 0:01:32]} f5 {[%clk 0:02:42]} 16. fxe5
{[%clk 0:01:19]} dxe5 {[%clk 0:02:43]} 17. exf5 {[%clk 0:01:11]} gxf5
{[%clk 0:02:44]} 18. Rae1 {[%clk 0:01:12]} Nd6 {[%clk 0:02:28]} 19. Nd1
{[%clk 0:01:12]} Nf7 {[%clk 0:02:12]} 20. Ne3 {[%clk 0:01:10]} Nd6
{[%clk 0:02:08]} 21. Nd1 Nf7 22. Ne3 {[%clk 0:00:57]} Nd6 {[%clk 0:02:11]} 23.
Kh1 {[%clk 0:00:57]} Rc8 {[%clk 0:02:02]} 24. Nd1 {[%clk 0:00:56]} Nf7
{[%clk 0:02:03]} 25. Nf3 {[%clk 0:00:57]} Qc7 {[%clk 0:01:40]} 26. Nh4
{[%clk 0:00:52]} Nh6 {[%clk 0:01:41]} 27. Bc3 {[%clk 0:00:42]} b5
{[%clk 0:01:41]} 28. d6 {[%clk 0:00:42]} Qb6 {[%clk 0:01:28]} 29. Bxe5
{[%clk 0:00:41]} Bxe5 {[%clk 0:01:27]} 30. Rxe5 {[%clk 0:00:42]} bxc4
{[%clk 0:01:27]} 31. bxc4 {[%clk 0:00:41]} Qxd6 {[%clk 0:01:23]} 32. Qc3
{[%clk 0:00:39]} Nc6 {[%clk 0:01:21]} 33. Bd5+ {[%clk 0:00:40]} Nf7
{[%clk 0:01:16]} 34. Ree1 {[%clk 0:00:41]} Nd4 {[%clk 0:01:14]} 35. Ne3
{[%clk 0:00:37]} Rce8 {[%clk 0:01:09]} 36. Nexf5 {[%clk 0:00:34]} Rxe1
{[%clk 0:00:58]} 37. Qxe1 {[%clk 0:00:35]} Bxf5 {[%clk 0:00:53]} 38. Nxf5
{[%clk 0:00:35]} Nxf5 {[%clk 0:00:49]} 39. Rxf5 {[%clk 0:00:35]} Kg7
{[%clk 0:00:46]} 40. Qc3+ {[%clk 0:00:36]} Kg6 {[%clk 0:00:43]} 41. Qd3
{[%clk 0:00:32]} Kg7 {[%clk 0:00:43]} 42. Qe3 Nh6 {[%clk 0:00:32]} 43. Qg5+
{[%clk 0:00:15]} Qg6 {[%clk 0:00:30]} 44. Qe7+ {[%clk 0:00:14]} Rf7
{[%clk 0:00:30]} 45. Rxf7+ {[%clk 0:00:11]} Nxf7 {[%clk 0:00:31]} 46. Qxf7+
{[%clk 0:00:11]} Qxf7 {[%clk 0:00:31]} 47. Bxf7 {[%clk 0:00:13]} Kxf7
{[%clk 0:00:32]} 48. Kg2 {[%clk 0:00:14]} Ke6 {[%clk 0:00:29]} 49. Kf3
{[%clk 0:00:15]} Ke5 {[%clk 0:00:31]} 50. Ke3 {[%clk 0:00:17]} h5
{[%clk 0:00:32]} 51. h3 {[%clk 0:00:16]} Kf5 {[%clk 0:00:34]} 52. a5
{[%clk 0:00:15]} Ke5 {[%clk 0:00:33]} 53. g4 {[%clk 0:00:15]} h4 {[%clk 0:00:35]}
54. Kf3 {[%clk 0:00:14]} Kd4 {[%clk 0:00:34]} 55. g5 {[%clk 0:00:15]} Kxc4 56. g6
Kd3 {[%clk 0:00:34]} 57. g7 {[%clk 0:00:18]} Ke4+ 58. Kxe4 1-0

[Event "Russian Championship (Blitz, Women)"]
[Site "Sochi"]
[Date "2018.10.07"]
[Round "8.8"]
[White "Markelova, Lubov"]
[Black "Kashlinskaya, Alina"]
[Result "0-1"]
[BlackElo "2369"]
[WhiteElo "2033"]
[LiveChessVersion "1.4.8"]

1. Nf3 {[%clk 0:03:03]} Nf6 {[%clk 0:03:02]} 2. c4 {[%clk 0:03:04]} g6
{[%clk 0:03:01]} 3. Nc3 {[%clk 0:03:05]} Bg7 {[%clk 0:03:02]} 4. e4
{[%clk 0:03:07]} d6 {[%clk 0:03:03]} 5. d4 {[%clk 0:03:08]} O-O {[%clk 0:03:04]}
6. Be2 {[%clk 0:03:09]} Nbd7 {[%clk 0:03:05]} 7. O-O e5 8. d5 {[%clk 0:03:08]}
Nc5 {[%clk 0:03:05]} 9. Qc2 {[%clk 0:03:09]} a5 {[%clk 0:03:03]} 10. Bg5
{[%clk 0:03:10]} h6 {[%clk 0:03:02]} 11. Be3 {[%clk 0:03:10]} Nfd7
{[%clk 0:02:53]} 12. Nd2 {[%clk 0:03:06]} f5 {[%clk 0:02:52]} 13. f3
{[%clk 0:03:07]} f4 {[%clk 0:02:48]} 14. Bf2 {[%clk 0:03:07]} Nf6
{[%clk 0:02:48]} 15. a3 {[%clk 0:02:57]} a4 {[%clk 0:02:48]} 16. Bxc5
{[%clk 0:02:55]} dxc5 {[%clk 0:02:49]} 17. Nxa4 {[%clk 0:02:55]} Qd6
{[%clk 0:02:26]} 18. b4 {[%clk 0:02:35]} Nd7 {[%clk 0:01:52]} 19. Rfc1
{[%clk 0:02:05]} g5 {[%clk 0:01:45]} 20. Nc3 {[%clk 0:01:56]} cxb4
{[%clk 0:01:36]} 21. Nb5 {[%clk 0:01:57]} Qc5+ {[%clk 0:01:32]} 22. Kh1
{[%clk 0:01:48]} bxa3 {[%clk 0:01:31]} 23. Nb3 {[%clk 0:01:45]} Qe3
{[%clk 0:01:19]} 24. Nxc7 {[%clk 0:01:43]} Ra4 {[%clk 0:01:03]} 25. Ne6
{[%clk 0:01:40]} Rf7 {[%clk 0:01:05]} 26. c5 {[%clk 0:01:22]} Nb8
{[%clk 0:00:39]} 27. Nxg7 {[%clk 0:00:38]} Rxg7 {[%clk 0:00:40]} 28. c6
{[%clk 0:00:32]} bxc6 {[%clk 0:00:41]} 29. dxc6 {[%clk 0:00:31]} g4
{[%clk 0:00:40]} 30. fxg4 {[%clk 0:00:17]} Rxe4 {[%clk 0:00:30]} 31. Bf3
{[%clk 0:00:16]} Rb4 {[%clk 0:00:31]} 32. Qc5 {[%clk 0:00:10]} e4
{[%clk 0:00:20]} 33. Qxb4 {[%clk 0:00:09]} exf3 {[%clk 0:00:20]} 34. Qxb8
{[%clk 0:00:04]} fxg2+ {[%clk 0:00:21]} 35. Kxg2 {[%clk 0:00:05]} Rxg4+
{[%clk 0:00:22]} 0-1

[Event "Russian Championship (Blitz, Women)"]
[Site "Sochi"]
[Date "2018.10.07"]
[Round "9.3"]
[White "Shuvalova, Polina"]
[Black "Voit, Daria"]
[Result "0-1"]
[BlackElo "2415"]
[WhiteElo "2246"]
[LiveChessVersion "1.4.8"]

1. e4 {[%clk 0:03:03]} c5 {[%clk 0:03:03]} 2. Nf3 {[%clk 0:03:04]} d6
{[%clk 0:03:05]} 3. Bb5+ {[%clk 0:03:05]} Nc6 {[%clk 0:03:04]} 4. O-O
{[%clk 0:03:04]} Bd7 {[%clk 0:03:05]} 5. Re1 {[%clk 0:02:57]} a6 {[%clk 0:03:06]}
6. Bf1 {[%clk 0:02:57]} Nf6 {[%clk 0:03:07]} 7. h3 {[%clk 0:02:58]} g6
{[%clk 0:03:04]} 8. c3 {[%clk 0:02:59]} Bg7 {[%clk 0:03:05]} 9. d4
{[%clk 0:02:59]} cxd4 {[%clk 0:03:04]} 10. cxd4 {[%clk 0:03:00]} O-O
{[%clk 0:02:52]} 11. Nc3 {[%clk 0:03:01]} e6 {[%clk 0:02:53]} 12. Bg5
{[%clk 0:02:56]} h6 {[%clk 0:02:52]} 13. Be3 {[%clk 0:02:55]} b5 {[%clk 0:02:52]}
14. a3 {[%clk 0:02:52]} Rc8 {[%clk 0:02:42]} 15. Qd2 {[%clk 0:02:49]} Na5
{[%clk 0:02:39]} 16. Rad1 {[%clk 0:02:45]} Kh7 {[%clk 0:02:33]} 17. e5
{[%clk 0:02:39]} Ne8 {[%clk 0:02:30]} 18. d5 {[%clk 0:02:36]} exd5
{[%clk 0:02:23]} 19. Nxd5 {[%clk 0:02:24]} Nb3 {[%clk 0:02:09]} 20. Qb4
{[%clk 0:02:21]} Nc5 {[%clk 0:01:57]} 21. exd6 {[%clk 0:02:11]} a5
{[%clk 0:01:58]} 22. Qd2 {[%clk 0:01:51]} Ne4 {[%clk 0:01:34]} 23. Qd3
{[%clk 0:01:49]} Bf5 {[%clk 0:01:26]} 24. Bb6 {[%clk 0:01:44]} Qxd6
{[%clk 0:01:23]} 25. Rxe4 {[%clk 0:00:43]} Nf6 {[%clk 0:01:00]} 26. Nxf6+
{[%clk 0:00:41]} Qxf6 {[%clk 0:01:01]} 27. Bd4 {[%clk 0:00:37]} Qc6
{[%clk 0:01:02]} 28. Bxg7 {[%clk 0:00:23]} Bxe4 {[%clk 0:00:59]} 29. Qe3
{[%clk 0:00:06]} Kxg7 {[%clk 0:00:47]} 30. Ne5 {[%clk 0:00:08]} Qc2
{[%clk 0:00:32]} 31. Rd2 {[%clk 0:00:07]} Qb1 {[%clk 0:00:33]} 32. Ng4
{[%clk 0:00:05]} g5 {[%clk 0:00:23]} 33. Qd4+ {[%clk 0:00:06]} f6
{[%clk 0:00:23]} 34. Qd7+ {[%clk 0:00:07]} Kg6 {[%clk 0:00:21]} 35. Ne3
{[%clk 0:00:07]} Bf5 {[%clk 0:00:13]} 36. Qe7 {[%clk 0:00:07]} Rfe8
{[%clk 0:00:12]} 37. Qa7 {[%clk 0:00:07]} Rc1 {[%clk 0:00:06]} 38. Qxa5
{[%clk 0:00:04]} Rxe3 {[%clk 0:00:07]} 39. fxe3 {[%clk 0:00:05]} Rxf1+
{[%clk 0:00:08]} 40. Kh2 {[%clk 0:00:06]} Qe4 {[%clk 0:00:08]} 41. Qxb5
{[%clk 0:00:04]} Qe5+ {[%clk 0:00:07]} 42. Qxe5 {[%clk 0:00:05]} fxe5
{[%clk 0:00:09]} 43. Rd6+ {[%clk 0:00:05]} Kg7 {[%clk 0:00:09]} 44. Rb6
{[%clk 0:00:06]} Be4 {[%clk 0:00:09]} 45. Rb4 {[%clk 0:00:06]} Bd3
{[%clk 0:00:08]} 46. Rb7+ {[%clk 0:00:06]} Kf6 {[%clk 0:00:09]} 47. Rb6+
{[%clk 0:00:08]} Kf5 {[%clk 0:00:10]} 48. Rxh6 {[%clk 0:00:07]} Rf2
{[%clk 0:00:10]} 49. Kg3 Rxb2 {[%clk 0:00:10]} 50. Rh8 {[%clk 0:00:07]} Bc4
{[%clk 0:00:10]} 51. Rf8+ {[%clk 0:00:08]} Ke4 {[%clk 0:00:11]} 52. Rc8
{[%clk 0:00:07]} Bf1 {[%clk 0:00:12]} 53. Kg4 {[%clk 0:00:08]} Rxg2+
{[%clk 0:00:12]} 54. Kh5 {[%clk 0:00:09]} Kxe3 {[%clk 0:00:13]} 55. Rc1
{[%clk 0:00:08]} Bd3 {[%clk 0:00:13]} 56. Re1+ {[%clk 0:00:09]} Kd4
{[%clk 0:00:15]} 57. a4 {[%clk 0:00:08]} e4 {[%clk 0:00:16]} 0-1